000
00386nam a2200145Ia 4500
008
100122s9999 xx 000 0 und d
082
_b
13819
_a
822
100
_a
पदकी सरिता
245
_a
बाधा
260
_b
ग.पां.परचुरे प्रकाशन
_c
1966
300
_a
70
630
_a
बाधा
730
_a
बाधा
942
_c
BOOK
999
_c
404532
_d
404529